| 000 | 00472nam a2200181Ia 4500 | ||
|---|---|---|---|
| 001 | 58201 | ||
| 008 | 141217n ii |||gr||||Z||||||465 | ||
| 020 | _a978-81-8412-203-9 | ||
| 082 | _a310 | ||
| 100 |
_aBhowal , _eM.K., |
||
| 245 | 0 |
_aStatistics Vol.11 _cM.K.Bhowal , Pranab Barua _hTextual Documents |
|
| 250 | _aIst ed -2006. | ||
| 260 |
_aNew Delhi: _bAsian Book Pvt Ltd. |
||
| 300 |
_a228p: _c23cm. |
||
| 653 | _aStatistics | ||
| 653 | _aG-Stats | ||
| 942 |
_2ddc _cBK |
||
| 999 |
_c58100 _d58100 |
||